[Event "Wch U10"]
[Site "Montesilvano"]
[Date "2024.11.26"]
[Round "11"]
[White "Chkhartishvili, Lazare"]
[Black "Kalinichenko, German Yu"]
[Result "0-1"]
[WhiteElo "1836"]
[BlackElo "1621"]
[PlyCount "94"]
[EventDate "2024.11.15"]
[EventType "swiss"]
[EventRounds "11"]
[EventCountry "ITA"]
[SourceTitle "CB48_2024"]
[SourceDate "2024.11.28"]
[SourceVersion "1"]
[SourceVersionDate "2024.11.28"]
[SourceQuality "1"]

1. e4 e5 2. Nf3 Nc6 3. d4 exd4 4. Bc4 Nf6 5. e5 d5 6. Bb5 Ne4 7. Nxd4 Bd7 8. Bxc6 bxc6 9. 0-0 Bc5 10. f3 Ng5 11. f4 Ne4 12. Be3 Bb6 13. a4 c5 14. Ne2 d4 15. a5 dxe3 16. Qd3 Bf5 17. Qxe3 h5 18. axb6 axb6 19. Nbc3 Nxc3 20. Qxc3 Rxa1 21. Rxa1 h4 22. e6 0-0 23. exf7+ Rxf7 24. Qc4 Bg4 25. Qe4 Re7 26. Ra8 Rxe4 27. Rxd8+ Kh7 28. Nc3 Rxf4 29. Rd2 Be6 30. Nd5 Bxd5 31. Rxd5 Rd4 32. Re5 Rd1+ 33. Kf2 Rd2+ 34. Re2 Rxe2+ 35. Kxe2 Kg6 36. c4 Kf5 37. Kf3 g5 38. g4+ Ke5 39. Ke3 c6 40. h3 b5 41. b3 b4 42. Ke2 Ke4 43. Kd2 Kf3 44. Kd3 Kg3 45. Ke3 Kxh3 46. Kf3 Kh2 47. Kf2 h3 0-1

[Event "Wch U10"]
[Site "Montesilvano"]
[Date "2024.11.23"]
[Round "8"]
[White "Burba, Mikita"]
[Black "Chkhartishvili, Lazare"]
[Result "1/2-1/2"]
[WhiteElo "1528"]
[BlackElo "1836"]
[PlyCount "102"]
[EventDate "2024.11.15"]
[EventType "swiss"]
[EventRounds "11"]
[EventCountry "ITA"]
[SourceTitle "CB48_2024"]
[SourceDate "2024.11.28"]
[SourceVersion "1"]
[SourceVersionDate "2024.11.28"]
[SourceQuality "1"]

1. e4 c5 2. Nf3 Nc6 3. d4 cxd4 4. Nxd4 Nf6 5. Nc3 e5 6. Ndb5 d6 7. Bg5 a6 8. Na3 b5 9. Bxf6 gxf6 10. Nd5 Bg7 11. c3 f5 12. exf5 Bxf5 13. Nc2 Rb8 14. Nce3 Be6 15. g4 Ne7 16. Nxe7 Qxe7 17. Bg2 Qd7 18. 0-0 Bh6 19. h3 Bg5 20. Nd5 0-0 21. Kh1 Kh8 22. Ne3 Rg8 23. Qf3 a5 24. Rg1 b4 25. cxb4 Rxb4 26. b3 Rf4 27. Qe2 Bh4 28. f3 d5 29. Rad1 Qb7 30. Nxd5 Bxd5 31. Qxe5+ Rf6 32. Rxd5 Qc6 33. f4 Qe6 34. Rxa5 Qxe5 35. fxe5 Rf2 36. a4 Bg3 37. Rb1 Re8 38. Rc5 Rd8 39. b4 Rdd2 40. Rg1 Ra2 41. a5 Rfb2 42. Rb5 Kg7 43. Rb7 Bxe5 44. Rb5 Bd4 45. Rd1 Be3 46. Re1 Bd4 47. Rg5+ Kf8 48. Rd1 Ba7 49. b5 Rxg2 50. b6 Rh2+ 51. Kg1 Rhg2+ 1/2-1/2

[Event "Wch U10"]
[Site "Montesilvano"]
[Date "2024.11.18"]
[Round "4"]
[White "Wu, Chenyu"]
[Black "Chkhartishvili, Lazare"]
[Result "0-1"]
[WhiteElo "1503"]
[BlackElo "1836"]
[PlyCount "88"]
[EventDate "2024.11.15"]
[EventType "swiss"]
[EventRounds "11"]
[EventCountry "ITA"]
[SourceTitle "CB48_2024"]
[SourceDate "2024.11.28"]
[SourceVersion "1"]
[SourceVersionDate "2024.11.28"]
[SourceQuality "1"]

1. d4 Nf6 2. c4 e6 3. Nc3 Bb4 4. e3 0-0 5. Nf3 d5 6. Bd3 b6 7. 0-0 Bb7 8. a3 Bxc3 9. bxc3 Nbd7 10. cxd5 exd5 11. a4 a5 12. Qe2 Ne4 13. Bxe4 dxe4 14. Nd2 Nf6 15. c4 Qd7 16. Bb2 Ba6 17. Qd1 c6 18. Qb3 Rab8 19. Rfd1 Rfd8 20. Qc3 Qe6 21. Nb3 Bxc4 22. Nd2 Bd5 23. Rac1 Rd7 24. Ba3 Ne8 25. Rb1 Rdd8 26. Rb2 Nf6 27. Rdb1 Nd7 28. f3 f5 29. fxe4 fxe4 30. Nf1 Bc4 31. Ng3 Bd3 32. Rc1 Rdc8 33. Nh5 Qh6 34. Nf4 Ba6 35. Qb3+ Kh8 36. Qf7 Rb7 37. Qf5 Re8 38. Rbc2 Rc7 39. Rc3 b5 40. axb5 Bxb5 41. Ne6 Qxe6 42. Qf4 Rcc8 43. Rc5 Nxc5 44. Rxc5 Rf8 0-1

[Event "Wch U10"]
[Site "Montesilvano"]
[Date "2024.11.17"]
[Round "3"]
[White "Chkhartishvili, Lazare"]
[Black "Roth, Elai"]
[Result "0-1"]
[WhiteElo "1836"]
[BlackElo "1577"]
[PlyCount "64"]
[EventDate "2024.11.15"]
[EventType "swiss"]
[EventRounds "11"]
[EventCountry "ITA"]
[SourceTitle "CB48_2024"]
[SourceDate "2024.11.28"]
[SourceVersion "1"]
[SourceVersionDate "2024.11.28"]
[SourceQuality "1"]

1. e4 c5 2. Nf3 e6 3. d4 cxd4 4. Nxd4 Nf6 5. Bd3 Nc6 6. Nxc6 dxc6 7. 0-0 e5 8. h3 Bc5 9. Nc3 Be6 10. Na4 Bd6 11. Be3 Qa5 12. c3 Rd8 13. b4 Qc7 14. Bxa7 Qe7 15. Bb6 Bc7 16. Bxc7 Qxc7 17. Qe2 0-0 18. Nc5 Bc8 19. Qe3 Rd6 20. Rfd1 Nh5 21. Be2 Nf4 22. Rxd6 Qxd6 23. Nd3 Nxe2+ 24. Qxe2 Be6 25. Nc5 b5 26. Rd1 Qe7 27. Nxe6 Qxe6 28. f3 h6 29. Kf2 Ra8 30. Rd2 Ra3 31. Rc2 Qd7 32. Ke3 Qd4# 0-1

[Event "Wch U10"]
[Site "Montesilvano"]
[Date "2024.11.15"]
[Round "1"]
[White "Chkhartishvili, Lazare"]
[Black "Bulat, Mansur"]
[Result "1/2-1/2"]
[WhiteElo "1836"]
[BlackElo "1610"]
[PlyCount "106"]
[EventDate "2024.11.15"]
[EventType "swiss"]
[EventRounds "11"]
[EventCountry "ITA"]
[SourceTitle "CB48_2024"]
[SourceDate "2024.11.28"]
[SourceVersion "1"]
[SourceVersionDate "2024.11.28"]
[SourceQuality "1"]

1. e4 c5 2. Nf3 d6 3. Bb5+ Bd7 4. Bxd7+ Qxd7 5. c4 Nc6 6. Nc3 e6 7. 0-0 Be7 8. d4 cxd4 9. Nxd4 Nxd4 10. Qxd4 Nf6 11. Rd1 0-0 12. e5 Ne8 13. Bf4 Rc8 14. Nb5 b6 15. Qd3 h6 16. Rac1 a6 17. Nc3 Rd8 18. exd6 Bxd6 19. Bxd6 Qxd6 20. Qe3 Qc7 21. Rxd8 Qxd8 22. Ne4 Qc7 23. Qd4 Qf4 24. Rd1 e5 25. Qd5 Nc7 26. Qb7 Ne6 27. Nd6 Nd4 28. Qxb6 Qg4 29. Rf1 Ne2+ 30. Kh1 Nf4 31. Qb7 Qe2 32. Kg1 Qd3 33. c5 Ne2+ 34. Kh1 Ng3+ 35. hxg3 Qxf1+ 36. Kh2 Qxf2 37. c6 Qf6 38. c7 Qxd6 39. c8Q Rxc8 40. Qxc8+ Kh7 41. Qf5+ g6 42. Qxf7+ Kh8 43. Kh3 e4 44. Qe8+ Kg7 45. Qxe4 h5 46. Qf4 Qe6+ 47. Kh4 Qxa2 48. Qe5+ Kh7 49. Qe7+ Kh6 50. Qf8+ Kh7 51. Qe7+ Kh6 52. Qf8+ Kh7 53. Qe7+ Kh6 1/2-1/2

[Event "GEO World Cup-A U10"]
[Site "Batumi"]
[Date "2024.06.28"]
[Round "6"]
[White "Chkhartishvili, Lazare"]
[Black "Obado, Sean Adrich"]
[Result "0-1"]
[WhiteElo "1608"]
[BlackElo "1631"]
[PlyCount "150"]
[EventDate "2024.06.23"]
[EventType "swiss"]
[EventRounds "7"]
[EventCountry "GEO"]
[SourceTitle "EXT 2025"]
[Source "ChessBase"]
[SourceDate "2024.10.14"]
[SourceVersion "1"]
[SourceVersionDate "2024.10.14"]
[SourceQuality "1"]

1. e4 c5 2. Nf3 e6 3. d4 cxd4 4. Nxd4 Nf6 5. Bd3 Bc5 6. Nb3 Bb6 7. 0-0 Nc6 8. Qe2 d6 9. Be3 Bxe3 10. Qxe3 0-0 11. Nc3 e5 12. Be2 Be6 13. Bf3 Qe7 14. Rfd1 Rac8 15. Rd2 Rfd8 16. Rad1 Bxb3 17. axb3 Nd4 18. Qd3 Nxf3+ 19. Qxf3 a6 20. Qe2 Qc7 21. h3 h6 22. Qd3 Qa5 23. Qe2 Qc7 24. Rc1 Qc6 25. Nd5 Nxd5 26. exd5 Qb6 27. Qe3 Qxe3 28. fxe3 g6 29. c4 b5 30. Rdc2 Rc5 31. Ra1 bxc4 32. bxc4 a5 33. b3 Rb8 34. Ra3 Rb4 35. Kf2 a4 36. Rxa4 Rxb3 37. Ra6 Rb4 38. Rxd6 Rbxc4 39. Rxc4 Rxc4 40. Rc6 Rb4 41. Rc8+ Kg7 42. d6 Rb2+ 43. Ke1 Rb7 44. Rc7 Rb8 45. Rd7 Kf6 46. Ke2 Rf8 47. Ra7 Rd8 48. Ra6 Ke6 49. d7+ Kxd7 50. Kf3 Ke7 51. Rb6 Rd6 52. Rb7+ Ke6 53. Rb8 f5 54. Rh8 e4+ 55. Ke2 h5 56. Rc8 Kf6 57. h4 Rb6 58. Kf2 Rb2+ 59. Kg3 Re2 60. Rc3 Ke5 61. Rc5+ Kd6 62. Rc3 Kd5 63. Kh3 Rd2 64. Rc1 Rd3 65. Re1 f4 66. Kh2 fxe3 67. Kg1 Kd4 68. Kf1 Rd2 69. Ra1 Rc2 70. Ra8 Rf2+ 71. Kg1 Rf5 72. Rd8+ Rd5 73. Ra8 Kd3 74. Kf1 e2+ 75. Kf2 Rf5+ 0-1

[Event "GEO World Cup-A U10"]
[Site "Batumi"]
[Date "2024.06.26"]
[Round "4"]
[White "Chkhartishvili, Lazare"]
[Black "Dien, James"]
[Result "1-0"]
[WhiteElo "1608"]
[BlackElo "1419"]
[PlyCount "89"]
[EventDate "2024.06.23"]
[EventType "swiss"]
[EventRounds "7"]
[EventCountry "GEO"]
[SourceTitle "EXT 2025"]
[Source "ChessBase"]
[SourceDate "2024.10.14"]
[SourceVersion "1"]
[SourceVersionDate "2024.10.14"]
[SourceQuality "1"]

1. e4 d5 2. exd5 Nf6 3. Bb5+ Bd7 4. Be2 Bf5 5. Nf3 Qxd5 6. Nc3 Qc6 7. Bb5 e6 8. 0-0 Bc5 9. Bxc6+ Nxc6 10. d4 Nxd4 11. Nxd4 0-0-0 12. Be3 Bxd4 13. Bxd4 e5 14. Bxe5 Rxd1 15. Raxd1 Bxc2 16. Rd2 Bf5 17. Bxf6 gxf6 18. Re1 Rg8 19. f3 Be6 20. b3 f5 21. Nd5 Re8 22. Nf4 Bd7 23. Rxe8+ Bxe8 24. Nh5 Bc6 25. Nf6 h6 26. Ng8 h5 27. Nf6 h4 28. Kf2 b5 29. Rd4 Kb7 30. Rxh4 a5 31. Rd4 Kb6 32. Nd7+ Bxd7 33. Rxd7 c5 34. h4 c4 35. bxc4 bxc4 36. h5 c3 37. Ke2 a4 38. h6 Kb5 39. h7 Kb4 40. h8Q c2 41. Qb2+ Kc4 42. Qxc2+ Kb4 43. Rb7+ Ka5 44. Qc5+ Ka6 45. Qb5# 1-0

[Event "Wch U08 rapid"]
[Site "Batumi"]
[Date "2023.06.08"]
[Round "11"]
[White "Chkhartishvili, Lazare"]
[Black "Rajabov, Jasur"]
[Result "1-0"]
[WhiteElo "1059"]
[BlackElo "1037"]
[PlyCount "107"]
[EventDate "2023.06.06"]
[EventType "swiss (rapid)"]
[EventRounds "11"]
[EventCountry "GEO"]
[SourceTitle "EXT 2024"]
[Source "ChessBase"]
[SourceDate "2023.10.10"]
[SourceVersion "1"]
[SourceVersionDate "2023.10.10"]
[SourceQuality "1"]
[WhiteTeam "Georgia"]
[BlackTeam "Uzbekistan"]
[WhiteTeamCountry "GEO"]
[BlackTeamCountry "UZB"]

1. d4 b5 2. e4 Bb7 3. Bd3 b4 4. Nf3 e6 5. Be3 Nf6 6. Nbd2 Be7 7. 0-0 0-0 8. Qe2 d5 9. e5 Ne4 10. Bf4 c5 11. Nxe4 dxe4 12. Bxe4 Bxe4 13. Qxe4 Nd7 14. d5 Nb6 15. d6 Bxd6 16. exd6 Nd5 17. Bg3 Qd7 18. Ne5 Qxd6 19. Ng6 Qa6 20. Nxf8 Rxf8 21. Qd3 c4 22. Qd4 c3 23. bxc3 bxc3 24. Qd3 Qa4 25. Be5 Rc8 26. Qd4 Rc4 27. Qd3 f6 28. Bg3 h5 29. h3 h4 30. Bh2 f5 31. Rfe1 Rd4 32. Qe2 Re4 33. Qd1 Rd4 34. Qh5 Nf6 35. Qe2 Re4 36. Qd1 Rd4 37. Qb1 Rb4 38. Qc1 Ne4 39. a3 Rb2 40. Rxe4 Qxe4 41. Qd1 Rxc2 42. Rc1 Rxc1 43. Qxc1 c2 44. Bf4 Qd3 45. Bd2 Qb3 46. f3 e5 47. Kf2 Qd3 48. f4 e4 49. Be3 a5 50. Ke1 Qc3+ 51. Bd2 Qg3+ 52. Kf1 Qd3+ 53. Kg1 Kf7 54. Kh1 1-0